| 000 | 00775nam a2200241Ia 4500 | ||
|---|---|---|---|
| 003 | OSt | ||
| 005 | 20220926005526.0 | ||
| 006 | a|||||r|||| 00| 0 | ||
| 007 | ta | ||
| 008 | 220923b |||||||| |||| 00| 0 eng d | ||
| 037 | _cGeneral Book | ||
| 040 |
_aRTL _cRTL _beng |
||
| 041 |
_2eng _aeng |
||
| 082 | _aX9(J):75.44Q7.N8, M9 | ||
| 100 |
_aHye Hasnat Abdul _9310494 |
||
| 245 | 0 |
_aIntegrated rural development _b Bangladesh |
|
| 260 |
_a New Delhi _bSterling India _c1989 |
||
| 300 |
_aii=183p. Bib p. 170-78 _ccm. |
||
| 490 | _aState Of The Art Series. Centre On Integrated Rural Development For Asia And The Pacific | ||
| 650 | _aPlanning | ||
| 942 |
_hX9(J):75.44Q7.N8, M9 _cGB _2CC |
||
| 999 |
_c614118 _d614118 |
||